Programming visual basic.net (Record no. 233)
[ view plain ]
| 000 -LEADER | |
|---|---|
| Fixed length control field | 00473nam a2200181 4500 |
| 003 - CONTROL NUMBER IDENTIFIER | |
| Control field | SEACOMEC |
| 005 - DATE AND TIME OF LATEST TRANSACTION | |
| Control field | 20231017055200.0 |
| 008 - FIXED-LENGTH DATA ELEMENTS--GENERAL INFORMATION | |
| Fixed length control field | 231017b |||||||| |||| 00| 0 eng d |
| 020 ## - INTERNATIONAL STANDARD BOOK NUMBER / ISBN | |
| Price | Rs.425.00 |
| 040 ## - CATALOGING SOURCE | |
| Original cataloging agency | SEACOMEC |
| 082 1# - DEWEY DECIMAL CLASSIFICATION NUMBER | |
| Classification number | 005.133VB |
| Book Number | L695 |
| 100 ## - MAIN ENTRY--PERSONAL NAME | |
| Personal name | Liberty, Jesse |
| 245 1# - TITLE STATEMENT | |
| Title | Programming visual basic.net |
| Statement of responsibility | Liberty, Jesse |
| 260 1# - IMPRINT | |
| Place of publication | Mumbai |
| Name of publisher | Shroff |
| Date of publication | 2004 |
| 650 ## - SUBJECT ADDED ENTRY--TOPICAL TERM | |
| Topical term | Computer science, Programming languages |
| 700 ## - ADDED ENTRY--PERSONAL NAME | |
| Personal name | Jesse Liberty |
| 942 ## - ADDED ENTRY ELEMENTS (KOHA) | |
| Koha item type | Books |
| Withdrawn status | Lost status | Source of classification | Damaged status | Not for loan | Home library | Current library | Date acquired | Total Checkouts | Call number | Accession number | Date last seen | Price effective from | Koha item type | Copy number |
|---|---|---|---|---|---|---|---|---|---|---|---|---|---|---|
| Dewey Decimal Classification | SEACOM ENGINEERING COLLEGE | SEACOM ENGINEERING COLLEGE | 01/06/2006 | 005.133VB L695 | 00098 | 03/08/2024 | 03/08/2024 | Books | ||||||
| Dewey Decimal Classification | SEACOM ENGINEERING COLLEGE | SEACOM ENGINEERING COLLEGE | 01/06/2006 | 005.133VB L695 | 00099 | 03/08/2024 | 03/08/2024 | Books | 1 | |||||
| Dewey Decimal Classification | SEACOM ENGINEERING COLLEGE | SEACOM ENGINEERING COLLEGE | 01/06/2006 | 005.133VB L695 | 00100 | 03/08/2024 | 03/08/2024 | Books | 2 | |||||
| Dewey Decimal Classification | SEACOM ENGINEERING COLLEGE | SEACOM ENGINEERING COLLEGE | 01/06/2006 | 005.133VB L695 | 00101 | 03/08/2024 | 03/08/2024 | Books | 3 | |||||
| Dewey Decimal Classification | SEACOM ENGINEERING COLLEGE | SEACOM ENGINEERING COLLEGE | 01/06/2006 | 005.133VB L695 | 00102 | 03/08/2024 | 03/08/2024 | Books | 4 |
